| 000 | 00551nam a22001697a 4500 | ||
|---|---|---|---|
| 003 | CEME | ||
| 005 | 20210628203520.0 | ||
| 008 | 210120b xxu||||| |||| 00| 0 eng d | ||
| 040 | _c. | ||
| 082 | _a200 THE | ||
| 100 |
_aTian Tian, John B. Heywood, Victor W. Wong _965949 |
||
| 245 | _aModeling the performance of the piston ring pack in internal combustion engines | ||
| 260 |
_aMIT _bMIT _c1997 |
||
| 300 | _a194P | ||
| 650 |
_aMS-MECH-MIT.MODELING THE PERFORMANCE OF THE PISTON RING PACK IN INTERNAL COMBUSTION ENGINES _965950 |
||
| 942 |
_cBK _2ddc |
||
| 999 |
_c574016 _d574016 |
||